Architektúra divadelných budov na Slovensku. Osobitosti vzniku, formy a spoločenského postavenia

Na minha lista:
Detalhes bibliográficos
Autor principal: Dlháňová, Viera, 1982- (Author)
Outros Autores: Moravčíková, Henrieta (xxx)
Formato: Manuscrito Livro
Idioma:eslovaco
Publicado em: Bratislava : STU v Bratislave FA, 2012
Assuntos:
Acesso em linha:VAIS
Tags: Adicionar Tag
Sem tags, seja o primeiro a adicionar uma tag!

MARC

LEADER 00000ntm a22000003a 4500
001 stu253831
005 20230321075827.5
008 120831s2012----xo------------------slo-d
040 |a STU  |b slo 
041 0 |a slo 
044 |a xo 
100 1 |a Dlháňová, Viera,  |d 1982-  |4 aut  |X 60516  |7 A000060516 
242 0 0 |a Architecture of Theatre Buildings in Slovakia\\Characteristics of Origin, Form and Social Position  |y eng 
245 1 |a Architektúra divadelných budov na Slovensku. Osobitosti vzniku, formy a spoločenského postavenia 
260 |a Bratislava :  |b STU v Bratislave FA,  |c 2012 
300 |a 294 s 
650 7 |a architektúra  |2 stusub 
650 7 |a architecture  |2 estusub 
650 7 |a Slovakia  |2 estusub 
650 7 |a architecture  |2 estusub 
650 7 |a Slovensko  |2 stusub 
650 7 |a divadlo  |2 stusub 
700 1 |a Moravčíková, Henrieta  |4 xxx  |X 36576  |7 36576 
856 4 |a info a plný text  |u http://is.stuba.sk/zp/portal_zp.pl?podrobnosti=64171  |3 VAIS  |u https://opac.crzp.sk/?fn=detailBiblioForm&sid=F2CC723B7B1D671C2528A1F2AE77 
996 |b 284AB01110  |c A*8430 V  |l AAKNST  |s P  |a 0  |w stu253831_0001